Finance and Accounts for Managers

Na minha lista:
Detalhes bibliográficos
Autor principal: Goch, Desmond
Formato: Livro
Idioma:inglês
Publicado em: London PAN Books LTD 1971
Edição:1. ed.
Tags: Adicionar Tag
Sem tags, seja o primeiro a adicionar uma tag!

MARC

LEADER 00000nam a2200000 4500
001 c024621
005 20221220101725.8
041 0 |a eng 
044 |a GB 
245 1 0 |a Finance and Accounts for Managers  |c Desmond Goch 
250 |a 1. ed. 
264 1 |a London  |b PAN Books LTD  |c 1971 
300 |a 186 s. 
100 1 |a Goch, Desmond